| 000 | 00652nam a22002177a 4500 | ||
|---|---|---|---|
| 999 |
_c10536 _d10536 |
||
| 001 | 10536 | ||
| 003 | BD-JhCC | ||
| 005 | 20180520110505.0 | ||
| 008 | 180503b1959 as ||||| |||| 00| 0 eng d | ||
| 035 | _a(BD-JhCC)10536 | ||
| 040 |
_aBD-JhCC _dBD-JhCC |
||
| 041 | _aeng | ||
| 082 |
_a822.912 _bROB 1959 |
||
| 100 | _aRoberts, James L. | ||
| 245 |
_aPygmalion : _bnotes, including complete synopsis, character sketches, selected examination questions and answers / _c James L.Roberts |
||
| 260 |
_a Lincoln : _bNeb. : Cliff's Notes, _c1959. |
||
| 300 |
_a71 p. _c22 cm. |
||
| 650 | _aPygmalion (Shaw, Bernard) | ||
| 942 |
_2ddc _cBK |
||